<?xml version="1.0" encoding="UTF-8"?>
<record
    xmlns:xsi="http://www.w3.org/2001/XMLSchema-instance"
    xsi:schemaLocation="http://www.loc.gov/MARC21/slim http://www.loc.gov/standards/marcxml/schema/MARC21slim.xsd"
    xmlns="http://www.loc.gov/MARC21/slim">

  <leader>02788cam a22003498i 4500</leader>
  <controlfield tag="001">21305486</controlfield>
  <controlfield tag="005">20220629120623.0</controlfield>
  <controlfield tag="008">191125s2020    enk      b    001 0 eng  </controlfield>
  <datafield tag="010" ind1=" " ind2=" ">
    <subfield code="a">  2019054160</subfield>
  </datafield>
  <datafield tag="020" ind1=" " ind2=" ">
    <subfield code="a">9781138492141</subfield>
  </datafield>
  <datafield tag="020" ind1=" " ind2=" ">
    <subfield code="a">9781138492165</subfield>
  </datafield>
  <datafield tag="020" ind1=" " ind2=" ">
    <subfield code="z">9781351031066</subfield>
  </datafield>
  <datafield tag="040" ind1=" " ind2=" ">
    <subfield code="a">DLC</subfield>
    <subfield code="b">eng</subfield>
    <subfield code="e">rda</subfield>
    <subfield code="c">DLC</subfield>
  </datafield>
  <datafield tag="042" ind1=" " ind2=" ">
    <subfield code="a">pcc</subfield>
  </datafield>
  <datafield tag="050" ind1="0" ind2="0">
    <subfield code="a">G156.5.S87</subfield>
    <subfield code="b">S58 2020</subfield>
  </datafield>
  <datafield tag="082" ind1="0" ind2="0">
    <subfield code="a">910.68</subfield>
    <subfield code="2">23</subfield>
  </datafield>
  <datafield tag="100" ind1="1" ind2=" ">
    <subfield code="a">Slocum, Susan L.,</subfield>
    <subfield code="e">author.</subfield>
  </datafield>
  <datafield tag="245" ind1="1" ind2="4">
    <subfield code="a">The business of sustainable tourism development and management /</subfield>
    <subfield code="c">Susan L. Slocum, Abena Aidoo, and Kelly McMahon.</subfield>
  </datafield>
  <datafield tag="263" ind1=" " ind2=" ">
    <subfield code="a">2005</subfield>
  </datafield>
  <datafield tag="300" ind1=" " ind2=" ">
    <subfield code="a">xvi, 327p. :</subfield>
    <subfield code="b">ill. ;</subfield>
    <subfield code="c">20 cm.</subfield>
  </datafield>
  <datafield tag="504" ind1=" " ind2=" ">
    <subfield code="a">Includes bibliographical references and index.</subfield>
  </datafield>
  <datafield tag="505" ind1="0" ind2=" ">
    <subfield code="a">Introducing sustainable tourism -- Understanding capital -- Globalization, localism, and sustainability -- Governance of sustainable tourism -- The sustainable traveler -- Mass tourism -- Alternative tourism -- Marketing for sustainability -- Supply and value chain management -- Certification -- Human capital management -- Visitor management -- The future of sustainable tourim.</subfield>
  </datafield>
  <datafield tag="520" ind1=" " ind2=" ">
    <subfield code="a">"The Business of Sustainable Tourism Development and Management provides a comprehensive introduction to sustainable tourism, crucially combining both theoretical and practical approaches to equip students with the tools to successfully manage a sustainable tourism business or destination. Covering a range of crucial topics such as mass tourism, alternative tourism, human capital management and many more, this book incorporates a global curriculum that widens the sustainable tourism debate to include theoretical perspectives, applied research, best-practice frameworks, business tools, and case studies, facilitating a more comprehensive sustainable tourism educational strategy. Information on how to effectively implement strategies that can be applied to business environments, entrepreneurship, and job skills to enhance career preparation is at the forefront of this textbook. Highly illustrated and with an interactive companion website including bonus learning materials, this is the ideal textbook for students of tourism, hospitality, and events management at both undergraduate and postgraduate levels"--</subfield>
  </datafield>
  <datafield tag="650" ind1=" " ind2="0">
    <subfield code="a">Sustainable tourism.</subfield>
  </datafield>
  <datafield tag="650" ind1=" " ind2="0">
    <subfield code="a">Tourism</subfield>
    <subfield code="x">Management.</subfield>
  </datafield>
  <datafield tag="700" ind1="1" ind2=" ">
    <subfield code="a">Aidoo, Abena,</subfield>
    <subfield code="e">author.</subfield>
  </datafield>
  <datafield tag="700" ind1="1" ind2=" ">
    <subfield code="a">McMahon, Kelly,</subfield>
    <subfield code="d">1969-</subfield>
    <subfield code="e">author.</subfield>
  </datafield>
  <datafield tag="776" ind1="0" ind2="8">
    <subfield code="i">Online version:</subfield>
    <subfield code="a">Slocum, Susan L.,</subfield>
    <subfield code="t">The business of sustainable tourism development and management</subfield>
    <subfield code="d">Abingdon, Oxon ; New York, NY : Routledge, 2020.</subfield>
    <subfield code="z">9781351031066</subfield>
    <subfield code="w">(DLC) 2019054161</subfield>
  </datafield>
  <datafield tag="906" ind1=" " ind2=" ">
    <subfield code="a">7</subfield>
    <subfield code="b">cbc</subfield>
    <subfield code="c">orignew</subfield>
    <subfield code="d">1</subfield>
    <subfield code="e">ecip</subfield>
    <subfield code="f">20</subfield>
    <subfield code="g">y-gencatlg</subfield>
  </datafield>
  <datafield tag="942" ind1=" " ind2=" ">
    <subfield code="2">lcc</subfield>
    <subfield code="h">G156.5.S87S58 2020</subfield>
    <subfield code="c">BOOKS</subfield>
  </datafield>
  <datafield tag="999" ind1=" " ind2=" ">
    <subfield code="c">31440</subfield>
    <subfield code="d">31440</subfield>
  </datafield>
  <datafield tag="952" ind1=" " ind2=" ">
    <subfield code="0">0</subfield>
    <subfield code="1">0</subfield>
    <subfield code="2">lcc</subfield>
    <subfield code="4">0</subfield>
    <subfield code="7">0</subfield>
    <subfield code="a">MUC</subfield>
    <subfield code="b">MUC</subfield>
    <subfield code="c">GEN</subfield>
    <subfield code="d">2022-06-29</subfield>
    <subfield code="e">purchase (Falcon books EA)</subfield>
    <subfield code="l">1</subfield>
    <subfield code="o">G156.5.S87S58 2020</subfield>
    <subfield code="p">39171</subfield>
    <subfield code="r">2026-03-13</subfield>
    <subfield code="s">2026-03-02</subfield>
    <subfield code="w">2022-06-29</subfield>
    <subfield code="y">BOOKS</subfield>
  </datafield>
</record>
